<?xml version="1.0" encoding="UTF-8"?>
<record
    xmlns:xsi="http://www.w3.org/2001/XMLSchema-instance"
    xsi:schemaLocation="http://www.loc.gov/MARC21/slim http://www.loc.gov/standards/marcxml/schema/MARC21slim.xsd"
    xmlns="http://www.loc.gov/MARC21/slim">

  <leader>02260cam a2200337 a 4500</leader>
  <controlfield tag="005">20060727182454.0</controlfield>
  <datafield tag="010" ind1=" " ind2=" ">
    <subfield code="a">ENG-95527  B-444943-948</subfield>
  </datafield>
  <datafield tag="020" ind1=" " ind2=" ">
    <subfield code="a">9780198064121</subfield>
    <subfield code="c">395.00</subfield>
  </datafield>
  <datafield tag="035" ind1=" " ind2=" ">
    <subfield code="a">EN-79060  B-444943-948</subfield>
  </datafield>
  <datafield tag="037" ind1=" " ind2=" ">
    <subfield code="b">DBAD/PUB</subfield>
  </datafield>
  <datafield tag="037" ind1=" " ind2=" ">
    <subfield code="b">RBC/Ven</subfield>
  </datafield>
  <datafield tag="082" ind1=" " ind2=" ">
    <subfield code="a">954.01</subfield>
  </datafield>
  <datafield tag="100" ind1=" " ind2=" ">
    <subfield code="a">Chakrabarti, Dilip K.</subfield>
    <subfield code="9">50725</subfield>
  </datafield>
  <datafield tag="245" ind1=" " ind2=" ">
    <subfield code="a">India, an archaeological history :</subfield>
    <subfield code="b">palaeolithic beginnings to early historic foundations /</subfield>
    <subfield code="c">Dilip K. Chakrabarti.</subfield>
  </datafield>
  <datafield tag="250" ind1=" " ind2=" ">
    <subfield code="a">2nd ed.</subfield>
  </datafield>
  <datafield tag="260" ind1=" " ind2=" ">
    <subfield code="a">New Delhi ;</subfield>
    <subfield code="b">Oxford University Press,</subfield>
    <subfield code="c">2009</subfield>
  </datafield>
  <datafield tag="300" ind1=" " ind2=" ">
    <subfield code="a">xvi, 394 p. :</subfield>
    <subfield code="b">ill., maps ;</subfield>
    <subfield code="c">23 cm.(Pbk)</subfield>
  </datafield>
  <datafield tag="500" ind1=" " ind2=" ">
    <subfield code="a">Includes bibliographical references and index.</subfield>
  </datafield>
  <datafield tag="650" ind1=" " ind2=" ">
    <subfield code="a">Excavations (Archaeology)</subfield>
    <subfield code="z">India.</subfield>
    <subfield code="9">50726</subfield>
  </datafield>
  <datafield tag="650" ind1=" " ind2=" ">
    <subfield code="a">Archaeology</subfield>
    <subfield code="z">India.</subfield>
    <subfield code="9">50727</subfield>
  </datafield>
  <datafield tag="942" ind1=" " ind2=" ">
    <subfield code="2">ddc</subfield>
    <subfield code="c">EN</subfield>
    <subfield code="m">CHA</subfield>
    <subfield code="h">954.01</subfield>
  </datafield>
  <datafield tag="999" ind1=" " ind2=" ">
    <subfield code="c">31993</subfield>
    <subfield code="d">31993</subfield>
  </datafield>
  <datafield tag="952" ind1=" " ind2=" ">
    <subfield code="0">0</subfield>
    <subfield code="1">0</subfield>
    <subfield code="2">ddc</subfield>
    <subfield code="4">0</subfield>
    <subfield code="7">1</subfield>
    <subfield code="8">NFIC</subfield>
    <subfield code="a">DBAD</subfield>
    <subfield code="b">DBAD</subfield>
    <subfield code="d">2009-11-21</subfield>
    <subfield code="e">DBAD / PUB</subfield>
    <subfield code="g">395.00</subfield>
    <subfield code="l">0</subfield>
    <subfield code="o">954.01 CHA</subfield>
    <subfield code="p">EN-79060</subfield>
    <subfield code="r">2009-11-21 00:00:00</subfield>
    <subfield code="t">1</subfield>
    <subfield code="v">395.00</subfield>
    <subfield code="w">2009-11-21</subfield>
    <subfield code="y">EN</subfield>
  </datafield>
  <datafield tag="952" ind1=" " ind2=" ">
    <subfield code="0">0</subfield>
    <subfield code="1">0</subfield>
    <subfield code="4">0</subfield>
    <subfield code="7">0</subfield>
    <subfield code="8">NFIC</subfield>
    <subfield code="a">L</subfield>
    <subfield code="b">L</subfield>
    <subfield code="d">2012-08-01</subfield>
    <subfield code="e">RBC/26573/28.09.2011/76/04.03.2011/12.10.2011</subfield>
    <subfield code="g">395.00</subfield>
    <subfield code="l">10</subfield>
    <subfield code="m">3</subfield>
    <subfield code="o">954.01 CHA</subfield>
    <subfield code="p">B-444943</subfield>
    <subfield code="r">2024-08-31 00:00:00</subfield>
    <subfield code="s">2024-07-30</subfield>
    <subfield code="t">2</subfield>
    <subfield code="v">395.00</subfield>
    <subfield code="w">2012-08-01</subfield>
    <subfield code="y">EN</subfield>
  </datafield>
  <datafield tag="952" ind1=" " ind2=" ">
    <subfield code="0">0</subfield>
    <subfield code="1">0</subfield>
    <subfield code="4">0</subfield>
    <subfield code="7">0</subfield>
    <subfield code="8">NFIC</subfield>
    <subfield code="a">L</subfield>
    <subfield code="b">L</subfield>
    <subfield code="d">2012-08-01</subfield>
    <subfield code="e">RBC/26573/28.09.2011/76/04.03.2011/12.10.2011</subfield>
    <subfield code="g">395.00</subfield>
    <subfield code="l">18</subfield>
    <subfield code="m">9</subfield>
    <subfield code="o">954.01 CHA</subfield>
    <subfield code="p">B-444944</subfield>
    <subfield code="r">2026-01-09 00:00:00</subfield>
    <subfield code="s">2025-12-26</subfield>
    <subfield code="t">2</subfield>
    <subfield code="v">395.00</subfield>
    <subfield code="w">2012-08-01</subfield>
    <subfield code="y">EN</subfield>
  </datafield>
  <datafield tag="952" ind1=" " ind2=" ">
    <subfield code="0">0</subfield>
    <subfield code="1">0</subfield>
    <subfield code="4">0</subfield>
    <subfield code="7">0</subfield>
    <subfield code="8">NFIC</subfield>
    <subfield code="a">BL1</subfield>
    <subfield code="b">BL1</subfield>
    <subfield code="d">2012-08-01</subfield>
    <subfield code="e">RBC/26573/28.09.2011/76/04.03.2011/12.10.2011</subfield>
    <subfield code="g">395.00</subfield>
    <subfield code="l">4</subfield>
    <subfield code="o">954.01 CHA</subfield>
    <subfield code="p">B-444945</subfield>
    <subfield code="r">2022-09-14 00:00:00</subfield>
    <subfield code="s">2022-08-31</subfield>
    <subfield code="t">1</subfield>
    <subfield code="v">395.00</subfield>
    <subfield code="w">2012-08-01</subfield>
    <subfield code="y">EN</subfield>
  </datafield>
  <datafield tag="952" ind1=" " ind2=" ">
    <subfield code="0">0</subfield>
    <subfield code="1">0</subfield>
    <subfield code="4">0</subfield>
    <subfield code="7">0</subfield>
    <subfield code="8">NFIC</subfield>
    <subfield code="a">ZLS</subfield>
    <subfield code="b">ZLS</subfield>
    <subfield code="d">2012-08-01</subfield>
    <subfield code="e">RBC/26573/28.09.2011/76/04.03.2011/12.10.2011</subfield>
    <subfield code="g">395.00</subfield>
    <subfield code="l">8</subfield>
    <subfield code="m">4</subfield>
    <subfield code="o">954.01 CHA</subfield>
    <subfield code="p">B-444946</subfield>
    <subfield code="r">2023-10-03 00:00:00</subfield>
    <subfield code="s">2023-08-21</subfield>
    <subfield code="t">1</subfield>
    <subfield code="v">395.00</subfield>
    <subfield code="w">2012-08-01</subfield>
    <subfield code="y">EN</subfield>
  </datafield>
  <datafield tag="952" ind1=" " ind2=" ">
    <subfield code="0">0</subfield>
    <subfield code="1">0</subfield>
    <subfield code="4">0</subfield>
    <subfield code="7">0</subfield>
    <subfield code="8">NFIC</subfield>
    <subfield code="a">BL3</subfield>
    <subfield code="b">BL3</subfield>
    <subfield code="d">2012-08-01</subfield>
    <subfield code="e">RBC/26573/28.09.2011/76/04.03.2011/12.10.2011</subfield>
    <subfield code="g">395.00</subfield>
    <subfield code="l">0</subfield>
    <subfield code="o">954.01 CHA</subfield>
    <subfield code="p">B-444947</subfield>
    <subfield code="r">2012-08-01 00:00:00</subfield>
    <subfield code="t">1</subfield>
    <subfield code="v">395.00</subfield>
    <subfield code="w">2012-08-01</subfield>
    <subfield code="y">EN</subfield>
  </datafield>
  <datafield tag="952" ind1=" " ind2=" ">
    <subfield code="0">0</subfield>
    <subfield code="1">5</subfield>
    <subfield code="4">0</subfield>
    <subfield code="7">0</subfield>
    <subfield code="8">NFIC</subfield>
    <subfield code="a">BL4</subfield>
    <subfield code="b">BL4</subfield>
    <subfield code="d">2012-08-01</subfield>
    <subfield code="e">RBC/26573/28.09.2011/76/04.03.2011/12.10.2011</subfield>
    <subfield code="g">395.00</subfield>
    <subfield code="l">0</subfield>
    <subfield code="o">954.01 CHA</subfield>
    <subfield code="p">B-444948</subfield>
    <subfield code="r">2012-08-01 00:00:00</subfield>
    <subfield code="t">1</subfield>
    <subfield code="v">395.00</subfield>
    <subfield code="y">EN</subfield>
  </datafield>
</record>
